Statistiche per Clicca il cognome dell'attrice

Clicka qui per fare il quiz!

Statistiche generali

  • Questo quiz è stato fatto 186 volte
  • Il punteggio medio è 20 su 30

Statistiche sulle risposte

HintRisposta% Corretto
AngelinaJolie
91%
ScarlettJohansson
89%
NicoleKidman
88%
JuliaRoberts
87%
MarylinMonroe
85%
NataliePortman
85%
AudreyHepburn
81%
MerylStreep
81%
CharlizeTheron
81%
UmaThurman
80%
JenniferLawrence
78%
WinonaRider
77%
GraceKelly
76%
MargotRobbie
75%
AnneHathaway
73%
EmmaStone
70%
CateBlanchett
67%
JodieFoster
63%
EmilyBlunt
61%
KimBasinger
58%
ElizabethTaylor
57%
DianeKeaton
55%
IngridBergman
54%
SusanSarandon
52%
JulieAndrews
49%
BetteDavis
42%
SaoirseRonan
36%
JessicaChastain
34%
JudiDench
30%
FrancesMcDormand
28%

Distribuzione punteggi

Percentile per numero di risposta

Percentuale di utenti per punteggio

I tuoi punteggi nel tempo

Non hai fatto questo quiz